000 00669nam a2200241 a 4500
999 _c8483
_d8483
001 8483
003 BD-JhCC
005 20190904134018.0
008 180222s2002 bg a|||| |||| 000 0 eng d
035 _a(BD-JhCC)8483
040 _aBD-JhCC
_dBD-JhCC
041 _aeng
082 _a530
_bALI 2002
100 _aAli, Eunus
245 _aHigher Secondary Physics :
_bFirst Paper /
_cProf. Eunus Ali, Sudeb Paul & Philip Rozario [co-ordinator]
260 _aDhaka :
_bThe Atlas Publishing House,
_c2002.
300 _a274 p. :
_bill. ,
_c24 cm.
650 _aPhysics
700 _aPaul, Sudeb
700 _aRozario, Philip
942 _2ddc
_cBK
_02